| 000 | 00821nmc a2200277 a 4500 | ||
|---|---|---|---|
| 003 | AR-BaBNM | ||
| 005 | 20251128203533.0 | ||
| 008 | 306019s1990 ||||||||||||||000 | spa|| | ||
| 020 | _a950-25-1308-8 | ||
| 040 | _cAR-BaBNM | ||
| 100 | 1 | _aLavandera, Beatriz R. | |
| 245 | 1 | 0 | _aCurso de lingüística para el análisis del discurso |
| 250 | _a2ª ed. | ||
| 260 |
_aBuenos Aires _bCentro Editor de América Latina _c1990 |
||
| 300 |
_a163 p. _bil. |
||
| 490 | 0 | _aBibliotecas universitarias. Lingüística | |
| 504 | _aContiene bibliografía en p. 156 | ||
| 650 | 4 | _aANALISIS LINGUISTICO | |
| 650 | 4 | _aESTRUCTURA DE LA ORACION | |
| 650 | 4 | _aGRAMATICA GENERATIVA | |
| 653 | _aGRAMATICA TEXTUAL | ||
| 653 | _aTEORIA DE LA ENUNCIACION | ||
| 653 | _aTEORIA DE LA ARGUMENTACION | ||
| 942 | _cBK | ||
| 998 | _cisola | ||
| 999 |
_c3838 _d3838 |
||